[Event "Elberfelder SG 1 - SG Niederkassel 1"]
[Site "NRW-Liga - Gruppe 1 2021/2022"]
[Date "2022.03.13"]
[Round "7.3"]
[White "Lamprecht, Mark"]
[Black "Volkov, Mykyta"]
[Result "0-1"]
[WhiteElo "2157"]
[BlackElo "2187"]
[PlyCount "76"]
[EventDate "2022.??.??"]
[SourceVersionDate "2020.03.16"]
[WhiteTeam "SG Niederkassel 1"]
[BlackTeam "Elberfelder SG 1"]

1. c4 e6 2. Nc3 Nf6 3. e4 d5 4. e5 d4 5. exf6 dxc3 6. bxc3 Qxf6 7. d4 e5 8. Nf3
Nc6 9. Be2 exd4 10. cxd4 Bb4+ 11. Bd2 Bxd2+ 12. Qxd2 O-O 13. O-O Bg4 14. h3
Bxf3 15. Bxf3 Nxd4 16. Bxb7 Rab8 17. Rab1 c6 18. Rfe1 Rfd8 19. Qb2 h6 20. Qc1
Qf5 21. Rb2 Qa5 22. Re7 Qa3 23. Re3 Qc5 24. Re4 f5 25. Re1 Rd7 26. Qb1 Qa5 27.
c5 Rdxb7 28. Rxb7 Rxb7 29. Re8+ Kf7 30. Qxb7+ Kxe8 31. Qb8+ Qd8 32. Qxa7 Ne2+
33. Kh2 Qd1 34. Qb8+ Kf7 35. Qc7+ Kg6 36. Qd6+ Qxd6+ 37. cxd6 Kf6 38. a4 Nd4
0-1

[Event "Elberfelder SG 1 - SG Niederkassel 1"]
[Site "NRW-Liga - Gruppe 1 2021/2022"]
[Date "2022.03.13"]
[Round "7.4"]
[White "Noetzel, Frank"]
[Black "Stanetzek, Carsten"]
[Result "1/2-1/2"]
[WhiteElo "2219"]
[BlackElo "2141"]
[Annotator "daniel"]
[PlyCount "46"]
[EventDate "2022.??.??"]
[SourceVersionDate "2020.03.16"]
[WhiteTeam "Elberfelder SG 1"]
[BlackTeam "SG Niederkassel 1"]

1. f4 d5 2. d3 g6 3. Nf3 Bg7 4. g3 Nh6 5. Bg2 O-O 6. O-O c6 7. Nc3 Qb6+ 8. e3
a5 9. Kh1 a4 10. a3 Nd7 11. e4 d4 12. Ne2 c5 13. h3 f6 14. g4 Nf7 15. Ng3 Qc7
16. Qe1 Ra6 17. h4 Rd8 18. f5 Nf8 19. Bd2 e5 20. Bh3 c4 21. Qf2 cxd3 22. cxd3
Rc6 23. Ne1 g5 {Rest nicht nachvollziehbar!} 1/2-1/2

[Event "Elberfelder SG 1 - SG Niederkassel 1"]
[Site "NRW-Liga - Gruppe 1 2021/2022"]
[Date "2022.03.13"]
[Round "7.6"]
[White "Boos, Markus"]
[Black "Mauelshagen, Martin"]
[Result "1-0"]
[WhiteElo "2171"]
[BlackElo "2114"]
[PlyCount "85"]
[EventDate "2022.??.??"]
[SourceVersionDate "2020.03.16"]
[WhiteTeam "Elberfelder SG 1"]
[BlackTeam "SG Niederkassel 1"]

1. d4 Nf6 2. c4 e6 3. Nf3 d5 4. g3 b6 5. Bg2 Bb7 6. O-O Nbd7 7. Nc3 dxc4 8. Qa4
Be7 9. Ne5 Bxg2 10. Kxg2 O-O 11. Nc6 Qe8 12. e4 Nb8 13. Nxe7+ Qxe7 14. Qxc4 c5
15. dxc5 Rc8 16. Rd1 Rxc5 17. Qe2 Nbd7 18. Be3 Rc6 19. Rac1 Rac8 20. Qb5 R6c7
21. f3 h6 22. e5 Ne8 23. f4 f5 24. Rd2 Nc5 25. Bxc5 Qxc5 26. Qxc5 Rxc5 27. Rcd1
Kf8 28. Kf2 R8c7 29. a4 a6 30. Rd8 Rc8 31. R8d7 R5c7 32. Ke3 Rxd7 33. Rxd7 Rc7
34. Rxc7 Nxc7 35. a5 bxa5 36. Kd4 Ke7 37. Kc5 Kd7 38. Kb6 g5 39. Kc5 gxf4 40.
gxf4 Na8 41. b3 a4 42. Nxa4 Nc7 43. b4 1-0

[Event "Elberfelder SG 1 - SG Niederkassel 1"]
[Site "NRW-Liga - Gruppe 1 2021/2022"]
[Date "2022.03.13"]
[Round "7.7"]
[White "Broehl, Stephan"]
[Black "Tymura, Achim"]
[Result "1-0"]
[WhiteElo "2088"]
[BlackElo "2036"]
[Annotator "daniel"]
[PlyCount "107"]
[EventDate "2022.??.??"]
[SourceVersionDate "2020.03.16"]
[WhiteTeam "SG Niederkassel 1"]
[BlackTeam "Elberfelder SG 1"]

1. e4 c5 2. Nf3 Nc6 3. Bb5 Na5 4. c3 a6 5. Ba4 e6 6. O-O Nf6 7. e5 Nd5 8. d4
cxd4 9. cxd4 b5 10. Bc2 Bb7 11. Bg5 Be7 12. Bxe7 Qxe7 13. Nbd2 f5 14. exf6 Nxf6
15. Qe2 Rc8 16. Rfc1 Nc4 17. a4 O-O 18. axb5 axb5 19. b3 Nxd2 20. Nxd2 Qb4 21.
Bd3 Bc6 22. Nf3 $11 g6 23. Ne5 Qxb3 24. Rc5 Ra8 $11 25. Rb1 Qa2 26. Nxc6 Qxe2
27. Bxe2 dxc6 28. Rxc6 Rad8 29. Rxb5 Rxd4 30. Rxe6 Rd7 31. h4 Kg7 32. Bf3 Rc7
33. Rg5 Kf7 34. Rb6 h6 35. Rgb5 Kg7 36. Rd6 Re7 37. Ra6 h5 38. Rbb6 Rc7 39. Be2
Rc1+ 40. Kh2 Rc7 41. f3 Re7 42. Bd3 Rd7 43. Bb1 Rd4 44. Kh3 Rf7 45. Ra5 Nd5 46.
Rxg6+ Kf8 47. Ra8+ Ke7 48. Ra7+ Kf8 49. Rxf7+ Kxf7 50. Rg5 Nf4+ 51. Kg3 Ne2+
52. Kf2 Nc3 53. Bg6+ Kf6 54. g3 1-0

[Event "Elberfelder SG 1 - SG Niederkassel 1"]
[Site "NRW-Liga - Gruppe 1 2021/2022"]
[Date "2022.03.13"]
[Round "7.8"]
[White "Werbeck, Torsten"]
[Black "Haase, Torsten"]
[Result "1/2-1/2"]
[WhiteElo "1942"]
[BlackElo "2015"]
[PlyCount "94"]
[EventDate "2022.??.??"]
[SourceVersionDate "2020.03.16"]
[WhiteTeam "Elberfelder SG 1"]
[BlackTeam "SG Niederkassel 1"]

1. d4 d5 2. Nf3 Nf6 3. c4 e6 4. Nc3 a6 5. e3 Be7 6. Bd3 dxc4 7. Bxc4 b5 8. Bb3
Bb7 9. Qe2 O-O 10. O-O c5 11. dxc5 Bxc5 12. e4 Nbd7 13. Bg5 Qb8 14. Rfd1 Bd6
15. Qd2 b4 16. Qxd6 Qxd6 17. Rxd6 bxc3 18. e5 cxb2 19. Rb1 Bxf3 20. exf6 Be4
21. fxg7 Bxb1 22. gxf8=Q+ Nxf8 23. Rd2 Rb8 24. Rxb2 Bxa2 25. Rxa2 Rxb3 26. h3
Rb6 27. Bh6 e5 28. Be3 Re6 29. g4 Ng6 30. Kg2 f5 31. gxf5 Nh4+ 32. Kg3 Nxf5+
33. Kg4 Ne7 34. Bc5 Rg6+ 35. Kf3 Nd5 36. Rd2 Nf4 37. Rd8+ Kf7 38. Rd7+ Kg8 39.
Rd8+ Kg7 40. Rd7+ Kh6 41. Bf8+ Kg5 42. Rxh7 Kf5 43. h4 e4+ 44. Ke3 Rf6 45. Bc5
Ng2+ 46. Kd4 Nf4 47. Ke3 Ng2+ 1/2-1/2

[Event "SF Lieme 1 - SV Mülheim-Nord 3"]
[Site "NRW-Liga - Gruppe 1 2021/2022"]
[Date "2022.03.13"]
[Round "7.1"]
[White "Walter, Andreas"]
[Black "Wittke, Rene"]
[Result "0-1"]
[WhiteElo "2181"]
[BlackElo "2273"]
[PlyCount "60"]
[EventDate "2022.??.??"]
[SourceVersionDate "2020.03.16"]
[WhiteTeam "SV Mülheim-Nord 3"]
[BlackTeam "SF Lieme 1"]

1. e4 c5 2. Nf3 Nc6 3. d4 cxd4 4. Nxd4 Nf6 5. Nc3 d6 6. Bg5 e6 7. Qd2 a6 8.
O-O-O Bd7 9. f3 Nxd4 10. Qxd4 Be7 11. h4 h6 12. Be3 h5 13. Qd2 b5 14. a3 Bc6
15. Bf4 d5 16. e5 Nd7 17. Ne2 Nc5 18. Nd4 Bd7 19. Kb1 Rb8 20. Bg5 f6 21. Bf4
Rb6 22. b4 Na4 23. Bd3 Kf7 24. g4 Qc7 25. exf6 Qc3 26. Qxc3 Nxc3+ 27. Kc1 Bxf6
28. Be3 Nxd1 29. Kxd1 e5 30. Nb3 d4 0-1

[Event "SF Lieme 1 - SV Mülheim-Nord 3"]
[Site "NRW-Liga - Gruppe 1 2021/2022"]
[Date "2022.03.13"]
[Round "7.2"]
[White "Niermann, Tristan"]
[Black "Oltmanns, Jan"]
[Result "1-0"]
[WhiteElo "2249"]
[BlackElo "2059"]
[PlyCount "65"]
[EventDate "2022.??.??"]
[SourceVersionDate "2020.03.16"]
[WhiteTeam "SF Lieme 1"]
[BlackTeam "SV Mülheim-Nord 3"]

1. Nf3 d5 2. g3 Nf6 3. Bg2 c5 4. O-O Nc6 5. d4 cxd4 6. Nxd4 e5 7. Nxc6 bxc6 8.
c4 Rb8 9. cxd5 cxd5 10. Qa4+ Qd7 11. Qxd7+ Bxd7 12. b3 Be6 13. e3 Bd6 14. Nc3
O-O 15. Bb2 Rfd8 16. Rad1 Be7 17. Na4 Bd7 18. Rc1 Bd6 19. Nc5 Bb5 20. Rfd1 Rdc8
21. Ba3 e4 22. b4 Bc4 23. Rxc4 dxc4 24. Rxd6 a5 25. bxa5 Rb5 26. Bh3 Ra8 27. a6
c3 28. Nb3 Rd5 29. Rc6 Rd1+ 30. Kg2 Rdd8 31. Be7 Rdb8 32. Bxf6 gxf6 33. Bf5 1-0

[Event "SF Lieme 1 - SV Mülheim-Nord 3"]
[Site "NRW-Liga - Gruppe 1 2021/2022"]
[Date "2022.03.13"]
[Round "7.3"]
[White "Limbourg, Philipp"]
[Black "Bentel, Robin"]
[Result "1/2-1/2"]
[WhiteElo "2208"]
[BlackElo "2222"]
[PlyCount "106"]
[EventDate "2022.??.??"]
[SourceVersionDate "2020.03.16"]
[WhiteTeam "SV Mülheim-Nord 3"]
[BlackTeam "SF Lieme 1"]

1. e4 c5 2. Nc3 d6 3. f4 g6 4. Nf3 Bg7 5. Bb5+ Bd7 6. Bc4 Nc6 7. O-O e6 8. d3
Nge7 9. f5 gxf5 10. Ng5 h6 11. Nxf7 Kxf7 12. exf5 Nxf5 13. Rxf5+ Kg8 14. Rf1
Nd4 15. a4 Qe7 16. Ne2 d5 17. Ba2 Bxa4 18. Nxd4 Bxd4+ 19. Kh1 Be8 20. c3 Bg7
21. Qe2 Rd8 22. Bf4 Bg6 23. Rae1 Kh7 24. Be5 Bf5 25. Bb1 Rhf8 26. Rf3 Bxe5 27.
Qxe5 Qg7 28. Qe3 d4 29. Qe2 Kh8 30. Rg3 Qf6 31. Ba2 Rg8 32. Rf3 Rde8 33. Rf4
dxc3 34. bxc3 Qxc3 35. Rc4 Qg7 36. Rxc5 Bxd3 37. Qd2 Bf5 38. Rxf5 exf5 39. Bxg8
Rxe1+ 40. Qxe1 Qxg8 41. Qa1+ Kh7 42. Qxa7 Qd5 43. h3 Kg6 44. Qa8 Kg5 45. Qf8
Qc6 46. Qg7+ Kf4 47. Qd4+ Qe4 48. Qd6+ Kg5 49. Qd8+ Kh5 50. Qd1+ Kh4 51. Qd6
Kg5 52. Qd8+ Kg6 53. Qg8+ Kf6 1/2-1/2

[Event "SF Lieme 1 - SV Mülheim-Nord 3"]
[Site "NRW-Liga - Gruppe 1 2021/2022"]
[Date "2022.03.13"]
[Round "7.4"]
[White "Wolf, Andre"]
[Black "Mainusch, Martin"]
[Result "1/2-1/2"]
[WhiteElo "2087"]
[BlackElo "1951"]
[PlyCount "37"]
[EventDate "2022.??.??"]
[SourceVersionDate "2020.03.16"]
[WhiteTeam "SF Lieme 1"]
[BlackTeam "SV Mülheim-Nord 3"]

1. e4 e6 2. d4 d5 3. Nd2 Nc6 4. Ngf3 Nf6 5. e5 Nd7 6. Be2 f6 7. exf6 Qxf6 8.
Nf1 Bd6 9. Ne3 O-O 10. O-O Nb6 11. c4 dxc4 12. Nxc4 Nxc4 13. Bxc4 Kh8 14. Be3
e5 15. d5 Ne7 16. Nd2 Bf5 17. f3 Qg6 18. Qe2 c6 19. dxc6 1/2-1/2

[Event "SF Lieme 1 - SV Mülheim-Nord 3"]
[Site "NRW-Liga - Gruppe 1 2021/2022"]
[Date "2022.03.13"]
[Round "7.5"]
[White "Roitburd, Talik"]
[Black "Krallmann, Matthias"]
[Result "1-0"]
[WhiteElo "1995"]
[BlackElo "2115"]
[PlyCount "67"]
[EventDate "2022.??.??"]
[SourceVersionDate "2020.03.16"]
[WhiteTeam "SV Mülheim-Nord 3"]
[BlackTeam "SF Lieme 1"]

1. e4 c6 2. d3 d5 3. Nd2 e5 4. Ngf3 Bd6 5. d4 exd4 6. Nxd4 Nf6 7. exd5 Qe7+ 8.
Be2 Nxd5 9. Nc4 Bc7 10. Ne3 Nxe3 11. Bxe3 O-O 12. Qd3 Na6 13. c3 Nc5 14. Qc2 a5
15. O-O-O a4 16. g4 a3 17. b3 g6 18. h4 Be5 19. h5 Bg7 20. hxg6 hxg6 21. Bc4
Qe4 22. Qd2 b5 23. f3 Qe8 24. Bh6 Be5 25. Bxf8 Qxf8 26. Nxc6 bxc4 27. Nxe5 cxb3
28. Qh2 b2+ 29. Kb1 Bf5+ 30. gxf5 Qg7 31. fxg6 fxg6 32. Rd6 Na4 33. Rxg6 Nxc3+
34. Kc2 1-0

[Event "SF Lieme 1 - SV Mülheim-Nord 3"]
[Site "NRW-Liga - Gruppe 1 2021/2022"]
[Date "2022.03.13"]
[Round "7.6"]
[White "Schaffarczyk, Andre"]
[Black "Schmidt, Kevin"]
[Result "1/2-1/2"]
[WhiteElo "2105"]
[BlackElo "1926"]
[PlyCount "120"]
[EventDate "2022.??.??"]
[SourceVersionDate "2020.03.16"]
[WhiteTeam "SF Lieme 1"]
[BlackTeam "SV Mülheim-Nord 3"]

1. e4 e5 2. Nf3 Nc6 3. Bc4 Be7 4. d4 exd4 5. Nxd4 d6 6. O-O Nf6 7. Nc3 O-O 8.
Re1 Re8 9. Bf4 Nxd4 10. Qxd4 Ng4 11. Rad1 Bf6 12. Qd2 a6 13. f3 Ne5 14. Bd5 Rb8
15. Bg3 Bh4 16. Qf2 Ng6 17. Bb3 Be6 18. Nd5 Bxd5 19. Bxd5 Bxg3 20. Qxg3 Qf6 21.
c3 Re5 22. Kh1 Nf4 23. Qf2 b6 24. g3 Nh3 25. Qg2 Rh5 26. Bc6 Qh6 27. Bd7 Ng5
28. Bg4 Re8 29. Bxh5 Qxh5 30. g4 Qh4 31. f4 Nh3 32. Rf1 f5 33. Qg3 Qxg3 34.
hxg3 Rxe4 35. Rde1 Nf2+ 36. Kg2 Nxg4 37. Rxe4 fxe4 38. Rh1 g6 39. Kf1 h5 40.
Ke2 Kf7 41. Rd1 Ke6 42. c4 c6 43. b4 d5 44. cxd5+ cxd5 45. Rc1 Kd7 46. a4 Nh6
47. a5 bxa5 48. Rc5 axb4 49. Rxd5+ Ke6 50. Rg5 Nf5 51. Rxg6+ Kf7 52. Rxa6 Nxg3+
53. Ke3 h4 54. Rb6 h3 55. Rxb4 h2 56. Rb1 Kf6 57. Ra1 Kf5 58. Ra5+ Kg4 59. Ra1
h1=Q 60. Rxh1 Nxh1 1/2-1/2

[Event "SF Lieme 1 - SV Mülheim-Nord 3"]
[Site "NRW-Liga - Gruppe 1 2021/2022"]
[Date "2022.03.13"]
[Round "7.7"]
[White "Kremer, Moritz"]
[Black "Essing, Arnold"]
[Result "0-1"]
[WhiteElo "1905"]
[BlackElo "2159"]
[PlyCount "104"]
[EventDate "2022.??.??"]
[SourceVersionDate "2020.03.16"]
[WhiteTeam "SV Mülheim-Nord 3"]
[BlackTeam "SF Lieme 1"]

1. Nf3 d5 2. g3 c5 3. Bg2 Nc6 4. d3 Nf6 5. Nbd2 Bf5 6. c4 d4 7. O-O e5 8. Ng5
Be7 9. Nge4 Nd7 10. f4 exf4 11. gxf4 f6 12. Ng3 Be6 13. f5 Bf7 14. Nde4 Nde5
15. h3 g5 16. fxg6 hxg6 17. Nf2 f5 18. e4 dxe3 19. Bxe3 Qd7 20. Re1 O-O-O 21.
Bf4 Bf6 22. Qa4 Rhe8 23. Rad1 a6 24. Nf1 Nd4 25. Qxd7+ Rxd7 26. Bxe5 Bxe5 27.
Ne3 Rde7 28. Nd5 Bh2+ 29. Kf1 Re2 30. Rxe2 Rxe2 31. Nb6+ Kc7 32. Na4 Bg3 33.
Nh1 Bd6 34. Re1 Rd2 35. Nf2 b5 36. cxb5 axb5 37. Nc3 Rxb2 38. Rb1 Rxb1+ 39.
Nxb1 Bxa2 40. Nc3 Be6 41. Nfd1 Bg3 42. Ne3 Kd6 43. Ne2 Nxe2 44. Kxe2 Be5 45.
Bf3 g5 46. Bh5 Bd4 47. Ng2 b4 48. Kd1 Bf2 49. Kd2 Bd5 50. Ne3 Bxe3+ 51. Kxe3
Ke5 52. Be2 Bg2 0-1

[Event "SF Lieme 1 - SV Mülheim-Nord 3"]
[Site "NRW-Liga - Gruppe 1 2021/2022"]
[Date "2022.03.13"]
[Round "7.8"]
[White "Schulte, Oliver"]
[Black "Vavro, Maximilian"]
[Result "0-1"]
[WhiteElo "2047"]
[BlackElo "1728"]
[PlyCount "100"]
[EventDate "2022.??.??"]
[SourceVersionDate "2020.03.16"]
[WhiteTeam "SF Lieme 1"]
[BlackTeam "SV Mülheim-Nord 3"]

1. d4 d5 2. Bf4 Nf6 3. e3 Bg4 4. f3 Bf5 5. g4 Bg6 6. h4 h6 7. Bd3 Bxd3 8. Qxd3
a6 9. Qb3 Qc8 10. Nc3 e6 11. Nge2 c5 12. dxc5 Bxc5 13. Na4 b5 14. Nxc5 Qxc5 15.
O-O-O Nc6 16. g5 Nd7 17. gxh6 gxh6 18. Qc3 O-O-O 19. Qxc5 Nxc5 20. Nd4 Ne7 21.
h5 Nd7 22. Bd6 Rde8 23. Rd3 Nb6 24. b3 Rhg8 25. Rc3+ Kd7 26. Bf4 Rc8 27. Rxc8
Nbxc8 28. Bxh6 e5 29. Ne2 Nf5 30. e4 Nxh6 31. exd5 Nb6 32. f4 Rg2 33. Kd1 Nxd5
34. fxe5 Ne3+ 35. Kd2 Nxc2 36. Kd3 Nb4+ 37. Ke3 Nd5+ 38. Kf3 Rg4 39. Rc1 Rg5
40. Ke4 Nb4 41. Rd1+ Ke7 42. Rd6 Rxe5+ 43. Kxe5 f6+ 44. Rxf6 Ng4+ 45. Kf5 Nxf6
46. h6 Nxa2 47. Ke5 Nb4 48. Kd4 Kd6 49. Nc3 Nc6+ 50. Kd3 Ne5+ 0-1

[Event "Kölner SK Dr. Lasker 1 - SV Mülheim-N"]
[Site "NRW-Liga - Gruppe 1 2021/2022"]
[Date "2022.04.10"]
[Round "8.1"]
[White "Zatonskih, V..."]
[Black "Paris, Michael"]
[Result "1-0"]
[WhiteElo "2283"]
[BlackElo "2214"]
[PlyCount "57"]
[EventDate "2022.??.??"]
[SourceVersionDate "2020.03.16"]
[WhiteTeam "SV Mülheim-Nord 3"]
[BlackTeam "Kölner SK Dr. Lasker 1"]

1. Nc3 e5 2. e4 Nf6 3. d4 exd4 4. Qxd4 Nc6 5. Qe3 Nb4 6. Qe2 b6 7. Bg5 h6 8.
Bxf6 Qxf6 9. O-O-O Bc5 10. a3 a5 11. Nh3 O-O 12. Kb1 c6 13. e5 Qe6 14. Nf4 Qe7
15. Qe4 Na6 16. Bd3 g6 17. h4 f5 18. exf6 Qxe4 19. Nxe4 d5 20. Nxg6 Bg4 21.
Nxf8 dxe4 22. Bxa6 Bxd1 23. Nd7 Bg4 24. Bc4+ Kh7 25. Nxc5 bxc5 26. Re1 Kg6 27.
Rxe4 Bf5 28. Re5 Kxf6 29. Rxc5 1-0

[Event "Kölner SK Dr. Lasker 1 - SV Mülheim-N"]
[Site "NRW-Liga - Gruppe 1 2021/2022"]
[Date "2022.04.10"]
[Round "8.2"]
[White "Lindam, Ingo"]
[Black "Walter, Andreas"]
[Result "0-1"]
[WhiteElo "2153"]
[BlackElo "2202"]
[Annotator "daniel"]
[PlyCount "62"]
[EventDate "2022.??.??"]
[SourceVersionDate "2020.03.16"]
[WhiteTeam "Kölner SK Dr. Lasker 1"]
[BlackTeam "SV Mülheim-Nord 3"]

1. d4 d5 2. Nf3 Nf6 3. c4 c6 4. Qc2 g6 5. Bf4 Bg7 6. e3 O-O 7. Nc3 Qa5 8. Be2
Bf5 9. Qd2 dxc4 $11 10. O-O Rd8 11. Bxc4 b5 12. Bb3 c5 13. Ne5 c4 14. Bd1 b4
15. Na4 $11 Ne4 16. Qc1 Bxe5 17. Bxe5 Nc6 18. f3 Nd2 19. Rf2 Nxe5 20. Rxd2 Nd3
21. Qxc4 Rac8 22. Qb3 Nc1 23. Rxc1 Rxc1 24. e4 Be6 25. d5 Bd7 26. Qe3 Bxa4 27.
b3 Bb5 28. d6 exd6 29. e5 Qb6 30. Rd4 Rc3 31. Qd2 dxe5 0-1

[Event "Kölner SK Dr. Lasker 1 - SV Mülheim-N"]
[Site "NRW-Liga - Gruppe 1 2021/2022"]
[Date "2022.04.10"]
[Round "8.3"]
[White "Oltmanns, Jan"]
[Black "Nagel, Bernhard"]
[Result "1/2-1/2"]
[WhiteElo "2045"]
[BlackElo "2142"]
[PlyCount "83"]
[EventDate "2022.??.??"]
[SourceVersionDate "2020.03.16"]
[WhiteTeam "SV Mülheim-Nord 3"]
[BlackTeam "Kölner SK Dr. Lasker 1"]

1. e4 c5 2. Nf3 e6 3. d4 cxd4 4. Nxd4 Nc6 5. c4 Nxd4 6. Qxd4 Ne7 7. Be3 Nc6 8.
Qd2 d6 9. Nc3 Be7 10. O-O-O a6 11. f4 Qc7 12. Kb1 Na5 13. Na4 Nxc4 14. Qc3 b5
15. Nb6 Rb8 16. Nxc4 bxc4 17. Qxg7 Rf8 18. Rc1 Qb7 19. Qd4 d5 20. Rc2 Bd7 21.
Bc1 Ba4 22. Rd2 Bb4 23. Re2 Bc6 24. f5 dxe4 25. fxe6 fxe6 26. Rc2 c3 27. Be2
Bd5 28. Bg5 Rf5 29. Qh8+ Kd7 30. Qxh7+ Kc6 31. Qh6 Bc5 32. Be3 Qxb2+ 33. Rxb2
Rxb2+ 34. Kc1 Rxe2 35. Bxc5 Kxc5 36. Qg7 Kc4 37. Rd1 Rxa2 38. Qc7+ Kb3 39. Qb6+
Ka3 40. Qxa6+ Kb3 41. Qb5+ Ka3 42. Qa5+ 1/2-1/2

[Event "Kölner SK Dr. Lasker 1 - SV Mülheim-N"]
[Site "NRW-Liga - Gruppe 1 2021/2022"]
[Date "2022.04.10"]
[Round "8.4"]
[White "Pfeffer, Ruprecht"]
[Black "Limbourg, Philipp"]
[Result "1/2-1/2"]
[WhiteElo "2215"]
[BlackElo "2208"]
[Annotator "daniel"]
[PlyCount "59"]
[EventDate "2022.??.??"]
[SourceVersionDate "2020.03.16"]
[WhiteTeam "Kölner SK Dr. Lasker 1"]
[BlackTeam "SV Mülheim-Nord 3"]

1. e4 c5 2. Nf3 Nc6 3. d4 cxd4 4. Nxd4 Qb6 5. Nb3 Nf6 6. Nc3 e6 7. Be3 Qc7 8.
Bd3 Bb4 9. O-O Bxc3 10. bxc3 d5 11. exd5 Nxd5 12. Bc5 Nde7 13. Qh5 b6 14. Ba3
h6 15. Rfe1 O-O 16. Nd4 Nxd4 17. cxd4 Bb7 18. Re3 Rfe8 19. Rae1 Rad8 20. Bb2
Rd5 21. Re5 Qc6 22. f3 Rxe5 23. Qxe5 Qd5 24. Qxd5 Nxd5 $11 25. a3 Rc8 26. c4
Ba6 27. cxd5 Bxd3 28. dxe6 fxe6 29. Rc1 Rxc1+ 30. Bxc1 1/2-1/2

[Event "Kölner SK Dr. Lasker 1 - SV Mülheim-N"]
[Site "NRW-Liga - Gruppe 1 2021/2022"]
[Date "2022.04.10"]
[Round "8.5"]
[White "Mainusch, Martin"]
[Black "Bussard, Christian"]
[Result "1-0"]
[WhiteElo "1951"]
[BlackElo "2223"]
[PlyCount "125"]
[EventDate "2022.??.??"]
[SourceVersionDate "2020.03.16"]
[WhiteTeam "SV Mülheim-Nord 3"]
[BlackTeam "Kölner SK Dr. Lasker 1"]

1. Nf3 Nf6 2. g3 b6 3. Bg2 Bb7 4. c4 e6 5. O-O c5 6. Nc3 Be7 7. d4 cxd4 8. Qxd4
O-O 9. Bf4 Nc6 10. Qd2 Na5 11. b3 d5 12. cxd5 Nxd5 13. Nxd5 Bxd5 14. Rad1 Qc8
15. Qb2 Bf6 16. Be5 Bxe5 17. Nxe5 Bxg2 18. Kxg2 Qb7+ 19. f3 Rfd8 20. b4 Nc6 21.
Nxc6 Qxc6 22. Rd2 Rd6 23. Rfd1 Rxd2 24. Qxd2 h6 25. Rc1 Qb5 26. Rc7 a5 27. bxa5
bxa5 28. Qd3 Qxd3 29. exd3 Rb8 30. Rc2 a4 31. Kf2 g5 32. Ke3 Kg7 33. h3 a3 34.
Rc3 Rb2 35. Rxa3 Rh2 36. g4 Rxh3 37. Ra5 Kf6 38. Ke4 Rh1 39. d4 Re1+ 40. Kd3
Rd1+ 41. Ke3 Kg6 42. a4 Ra1 43. Ra8 Ra3+ 44. Ke2 Ra2+ 45. Ke3 f5 46. gxf5+ exf5
47. d5 Kf6 48. Kd4 Rd2+ 49. Kc5 h5 50. Ra6+ Ke5 51. Re6+ Kf4 52. d6 h4 53. a5
g4 54. fxg4 fxg4 55. a6 g3 56. a7 g2 57. Rg6 Rc2+ 58. Kd5 Rd2+ 59. Kc5 Rc2+ 60.
Kb4 Rc8 61. d7 Ra8 62. Rxg2 Ke5 63. Re2+ 1-0

[Event "Kölner SK Dr. Lasker 1 - SV Mülheim-N"]
[Site "NRW-Liga - Gruppe 1 2021/2022"]
[Date "2022.04.10"]
[Round "8.6"]
[White "Wiekert, Martin"]
[Black "Roitburd, Talik"]
[Result "1-0"]
[WhiteElo "2289"]
[BlackElo "1995"]
[PlyCount "59"]
[EventDate "2022.??.??"]
[SourceVersionDate "2020.03.16"]
[WhiteTeam "Kölner SK Dr. Lasker 1"]
[BlackTeam "SV Mülheim-Nord 3"]

1. d4 d6 2. Nf3 Nd7 3. e4 g6 4. Bc4 e6 5. Nc3 Bg7 6. Bg5 Ne7 7. h4 h6 8. Be3 e5
9. dxe5 Nxe5 10. Nxe5 Bxe5 11. Qd2 Bg7 12. O-O-O a6 13. Bd4 f6 14. Qf4 Nc6 15.
Qg3 g5 16. hxg5 hxg5 17. Rxh8+ Bxh8 18. Qh2 Kd7 19. Qh3+ g4 20. Qxg4+ Ke7 21.
Qh5 Qf8 22. Nd5+ Kd8 23. Qxh8 Qxh8 24. Bxf6+ Qxf6 25. Nxf6 Ne5 26. Bb3 a5 27.
a4 Bd7 28. Rh1 Rc8 29. Rh8+ Ke7 30. Nd5+ 1-0

[Event "Kölner SK Dr. Lasker 1 - SV Mülheim-N"]
[Site "NRW-Liga - Gruppe 1 2021/2022"]
[Date "2022.04.10"]
[Round "8.7"]
[White "Schmidt, Kevin"]
[Black "Loseries, Uwe"]
[Result "1/2-1/2"]
[WhiteElo "1961"]
[BlackElo "2125"]
[PlyCount "93"]
[EventDate "2022.??.??"]
[SourceVersionDate "2020.03.16"]
[WhiteTeam "SV Mülheim-Nord 3"]
[BlackTeam "Kölner SK Dr. Lasker 1"]

1. e4 c6 2. d4 d5 3. Nc3 dxe4 4. Nxe4 Bf5 5. Ng3 Bg6 6. Nh3 e6 7. Nf4 Bd6 8. c3
Nf6 9. Bc4 Qc7 10. Qf3 Nd5 11. Bxd5 cxd5 12. h4 Qc6 13. Ngh5 Bf8 14. Nxg6 hxg6
15. Nf4 Nd7 16. Nd3 Be7 17. g3 Bf6 18. Bf4 g5 19. hxg5 Rxh1+ 20. Qxh1 Be7 21.
Qh7 g6 22. Ne5 Nxe5 23. Qh8+ Bf8 24. Qxe5 Qa6 25. Qe2 Qa5 26. Kf1 O-O-O 27. Kg2
Bd6 28. Bxd6 Rxd6 29. Qe5 Qc7 30. Rh1 b6 31. Rh7 Rd7 32. Qxc7+ Rxc7 33. Kf3 Re7
34. Ke3 Kd7 35. f4 Kd6 36. Kd3 Rc7 37. g4 Re7 38. b3 b5 39. Rh6 Re8 40. Rh2 Rc8
41. a3 a6 42. Rh7 Ke7 43. Kc2 a5 44. Kb2 Rb8 45. Rh6 Kd6 46. Rh2 Rf8 47. Rh6
1/2-1/2

[Event "Kölner SK Dr. Lasker 1 - SV Mülheim-N"]
[Site "NRW-Liga - Gruppe 1 2021/2022"]
[Date "2022.04.10"]
[Round "8.8"]
[White "Kuehn, Matthias"]
[Black "Schlenter, Ruediger"]
[Result "1/2-1/2"]
[WhiteElo "1874"]
[BlackElo "1788"]
[PlyCount "117"]
[EventDate "2022.??.??"]
[SourceVersionDate "2020.03.16"]
[WhiteTeam "Kölner SK Dr. Lasker 1"]
[BlackTeam "SV Mülheim-Nord 3"]

1. e4 c5 2. Nc3 g6 3. f4 Bg7 4. Nf3 e6 5. g4 d5 6. d3 Bxc3+ 7. bxc3 dxe4 8. Ng5
exd3 9. Bxd3 Nf6 10. Qe2 O-O 11. h4 h5 12. gxh5 Nxh5 13. Nxf7 Qf6 14. Nh6+ Kh8
15. Qe5 Qxe5+ 16. fxe5 Ng3 17. Rg1 Nf5 18. Rxg6 Nxh4 19. Rf6 Nd7 20. Rxf8+ Nxf8
21. Ng4 Rb8 22. Bg5 Nf3+ 23. Ke2 Nxg5 24. Nf6 c4 25. Rh1+ Kg7 26. Bxc4 Nfh7 27.
Ne8+ Kf7 28. Nd6+ Ke7 29. Rh5 Bd7 30. Bd3 Rh8 31. Ke3 Be8 32. Rh6 Bc6 33. Be2
Nf7 34. Nxf7 Kxf7 35. Bh5+ Ke7 36. Bg6 Bd5 37. a3 Kd7 38. Rxh7+ Rxh7 39. Bxh7
Kc6 40. Kd4 Kd7 41. c4 Bc6 42. Bg8 Ba4 43. Kc3 Bc6 44. Bh7 Bf3 45. Bg6 Kc6 46.
Kd4 Bd1 47. Be4+ Kc7 48. c5 Be2 49. a4 Bh5 50. Kc4 Be8 51. Kb4 Bh5 52. a5 Be2
53. c4 Bf1 54. c6 bxc6 55. Kc5 Be2 56. Bg2 Bd3 57. Bf3 Bf1 58. Bxc6 Bxc4 59.
Bf3 1/2-1/2

[Event "Langenfelder SF 1 - SF Lieme 1"]
[Site "NRW-Liga - Gruppe 1 2021/2022"]
[Date "2022.04.10"]
[Round "8.1"]
[White "Wittke, Rene"]
[Black "Rechmann, Peter"]
[Result "1/2-1/2"]
[WhiteElo "2273"]
[BlackElo "2244"]
[Annotator "daniel"]
[PlyCount "93"]
[EventDate "2022.??.??"]
[SourceVersionDate "2020.03.16"]
[WhiteTeam "SF Lieme 1"]
[BlackTeam "Langenfelder SF 1"]

1. d4 d5 2. c4 e6 3. Nc3 Nf6 4. cxd5 exd5 5. Bg5 Be7 6. e3 Nbd7 7. Bd3 O-O 8.
Nge2 Re8 9. O-O c6 10. f3 h6 11. Bh4 b5 12. Rc1 Nb6 13. Bf2 Bf8 14. Qc2 Bb7 15.
Ng3 b4 16. Na4 Nxa4 17. Qxa4 a5 18. Kh1 Ba6 $11 19. Bxa6 Rxa6 20. Rfe1 h5 21.
Nf1 Qd7 22. Rc2 c5 23. Qxd7 Nxd7 24. dxc5 Bxc5 25. Rd1 Ba7 26. Rxd5 Nf6 27. Rd3
Ree6 28. Rd8+ Kh7 29. Ra8 Nd5 30. Rd2 Nb6 31. Rf8 Nc4 32. Re2 Rad6 33. Kg1 Rd1
34. e4 Bxf2+ 35. Kxf2 Rb1 36. b3 Ne5 37. Rd2 a4 38. bxa4 Ra6 39. Ne3 f6 40. Rb8
Rxa4 41. Rb7 Ra1 42. Kg3 R4xa2 43. Rxa2 Rxa2 44. Rxb4 Nd3 45. Rb1 h4+ 46. Kxh4
Re2 47. Nd5 1/2-1/2

[Event "Langenfelder SF 1 - SF Lieme 1"]
[Site "NRW-Liga - Gruppe 1 2021/2022"]
[Date "2022.04.10"]
[Round "8.2"]
[White "Stoeber, Michael"]
[Black "Niermann, Tristan"]
[Result "0-1"]
[WhiteElo "2180"]
[BlackElo "2206"]
[PlyCount "50"]
[EventDate "2022.??.??"]
[SourceVersionDate "2020.03.16"]
[WhiteTeam "Langenfelder SF 1"]
[BlackTeam "SF Lieme 1"]

1. Nf3 Nf6 2. c4 g6 3. Nc3 Bg7 4. e4 e5 5. d4 exd4 6. Nxd4 O-O 7. Be2 Re8 8. f3
c6 9. Bg5 h6 10. Bh4 d5 11. cxd5 g5 12. Bg3 cxd5 13. Ndb5 Na6 14. Nd6 Re7 15.
e5 Nh5 16. Nxd5 Rd7 17. Qb3 Nxg3 18. hxg3 Bxe5 19. Nxc8 Rxc8 20. Bxa6 Rxd5 21.
Be2 Bxg3+ 22. Kf1 Rd2 23. Rh3 Rcc2 24. Rxg3 Rxe2 25. Qxb7 Qd4 0-1